[Event "Salon de Provence op 7th"]
[Site "Salon de Provence"]
[Date "2016.07.12"]
[Round "5"]
[White "Jackson, Edgar"]
[Black "Gamblin, Thibaut"]
[Result "0-1"]
[WhiteElo "1723"]
[BlackElo "1681"]
[PlyCount "56"]
[EventDate "2016.07.09"]
[EventType "swiss"]
[EventRounds "9"]
[EventCountry "FRA"]
[SourceTitle "EXT 2019"]
[Source "ChessBase"]
[SourceDate "2018.10.10"]
[SourceVersion "1"]
[SourceVersionDate "2018.10.10"]
[SourceQuality "1"]

1. d4 Nf6 2. c4 e6 3. Nf3 Bb4+ 4. Bd2 a5 5. Qa4 Na6 6. a3 Bxd2+ 7. Nbxd2 c5 8. e3 0-0 9. Qc2 b6 10. Bd3 d6 11. Ne4 Bb7 12. Nxf6+ Qxf6 13. Bxh7+ Kh8 14. Be4 d5 15. cxd5 Bxd5 16. 0-0 cxd4 17. Bxd5 exd5 18. exd4 Rac8 19. Qd3 Nc7 20. Ne5 Rfe8 21. f4 Ne6 22. f5 Nxd4 23. Ng4 Qh4 24. Qxd4 Re4 25. Qxd5 Qxg4 26. Qxf7 Rc2 27. Rf2 Rxf2 28. Kxf2 Re2+ 0-1